banner-ar

اضطرابات التواصل لدى التوحديين / (Record no. 61858)

MARC details
000 -الفاتح
حقل البيانات ثابتة الطول 00919nam a22002417a 4500
005 - وقت وتاريخ اخر تعامل مع التسجيلة
رقم الضبط 20240530110519.0
008 - عناصر البيانات ثابتة الطول - معلومات عامة
حقل البيانات ثابتة الطول 160215s2013 su a g b 000 0 ara d
017 ## - رقم الايداع القانونى
رقم الايداع القانونى 1433/779
المصدر ( الهيئة المختصة) السعودية . مكتبة الملك فهد الوطنية
020 ## - الرقم الدولى المعيارى للكتب
الرقم الدولى المعيارى للكتاب 9786038120248
040 ## - مصدر الفهرسة
وكالة الفهرسة الأصلية EG-CaGPL
082 04 - رقم تصنيف ديوى العشرى
رقم الطبعة 21
رقم التصنيف 155.92\
رقم المادة ف إ
100 0# - المدخل الرئيسى - إسم شخصى
الإسم الشخصى فوزية عبدالله الجلامدة .
245 10 - بيان العنوان
العنوان اضطرابات التواصل لدى التوحديين /
بيان المسئوليه,etc فوزية عبدالله الجلامدة ، نجوى حسن .
250 ## - بيان الطبعة
بيان الطبعة ط1.
260 ## - PUBLICATION, DISTRIBUTION, ETC. (IMPRINT)
تاريخ النشر أو التوزيع 2013 .
300 ## - الوصف المادى
التعداد 447 ص :
تفاصيل ماديه اخرى للوعاء ايض ؛
أبعاد الوعاء 24 سم .
650 04 - المدخل الاضافى بالموضوع-مصطلح موضوعى
مصطلح موضوعي التوحد .
650 04 - المدخل الاضافى بالموضوع-مصطلح موضوعى
مصطلح موضوعي الاطفال بطيئو التعلم .
650 04 - المدخل الاضافى بالموضوع-مصطلح موضوعى
مصطلح موضوعي الطفل التوحدى .
700 0# - المدخل الاضافى - اسم شخصى
الإسم الشخصى نجوى حسن
الدور مؤلف مشارك .
942 ## - عناصر المدخل الإضافي( كوها)
مصدر التصنيف او مخطط الترفيف Dewey Decimal Classification
Koha [default] item type كتاب
260 ## - PUBLICATION, DISTRIBUTION, ETC. (IMPRINT)
-- الرياض :
-- دار الزهراء ،
Holdings
حالة التراجع حالة الفقد حالة تلف ليس للاعارة المكان المؤقت الموقع الحالى تاريخ الاكتساب اجمالي اﻻعارات رقم الطلب الباركود تاريخ اخر مشاهدة تاريخ تفعيل السعر نوع وعاء كوها
        مكتبة القاهرة الكبرى مكتبة القاهرة الكبرى 02/15/2016   155.92\ ف إ 161289 02/15/2016 02/15/2016 كتاب

Powered By

EGPV